Aktuálne výzvy a perspektívy v mediácii mediácia v civilnom, obchodnom a trestnom práve
| Other Authors: | |
|---|---|
| Format: | Software eBook |
| Language: | Slovak Czech |
| PhysicalDescription: | 1 elektronický optický disk (CD-ROM) 12 cm Vydané aj v tlačenej forme |
| Published: |
Bratislava
Asociácia mediátorov Slovenska
2014
|
| ISBN: | 9788097161613 (elektronická kniha) |
| Edition: | Vyd.: prvé |
| Subjects: |
MARC
| LEADER | 00000nam a2200000 a 4500 | ||
|---|---|---|---|
| 001 | vtls010605726 | ||
| 003 | SK-MaSNL | ||
| 005 | 20260301051808.0 | ||
| 007 | co bg auuua | ||
| 008 | 251104s2014 xo | fs 100 0 slo | ||
| 015 | |a SNBS2015 | ||
| 020 | |a 9788097161613 (elektronická kniha) | ||
| 040 | |a SNK |b slo |c SNK |e AACR2 | ||
| 041 | 0 | |a slo |a cze | |
| 044 | |a xo |c SK | ||
| 072 | 7 | |a 347.9 |x Občianske súdne konanie. Súdnictvo |2 konspekt | |
| 080 | |a 347.965.42 |2 2001 | ||
| 080 | |a 347.996 |2 2001 | ||
| 080 | |a 364-78 |2 2001 | ||
| 080 | |a (0.034.44) |2 2001 | ||
| 080 | |a (062.534) |2 2001 | ||
| 245 | 0 | 0 | |a Aktuálne výzvy a perspektívy v mediácii |h elektronický zdroj |b mediácia v civilnom, obchodnom a trestnom práve |c [editor:] Ernest Kováč |
| 246 | 3 | 0 | |a Mediácia v civilnom, obchodnom a trestnom práve |
| 250 | |a Vyd.: prvé | ||
| 260 | |a Bratislava |b Asociácia mediátorov Slovenska |c 2014 | ||
| 300 | |a 1 elektronický optický disk (CD-ROM) |c 12 cm | ||
| 500 | |a Názov z titulnej obrazovky | ||
| 500 | |a Vydané v spolupráci s Vysokou školou zdravotníctva a sociálnej práce sv. Alžbety, n.o. Bratislava a Gréckokatolíckou teologickou fakultou Prešovskej univerzity v Prešove | ||
| 504 | |a Bibliogr. odkazy | ||
| 516 | |a Textový dokument (zborník), súbor vo formáte pdf | ||
| 530 | |a Vydané aj v tlačenej forme | ||
| 538 | |a Technické požiadavky: PDF prehliadač | ||
| 546 | |a Text čiast. aj čes. | ||
| 650 | 0 | 7 | |a mediácia |2 SNKPH |9 25067 |
| 650 | 0 | 7 | |a alternatívne riešenie sporov |2 SNKPH |9 100696 |
| 650 | 0 | 7 | |a Mediation |2 SNKPHeng |9 319341 |
| 650 | 0 | 7 | |a Alternative dispute resolution |2 SNKPHeng |9 359606 |
| 655 | 7 | |a elektronické zdroje |2 SNKPH |9 90954 | |
| 655 | 7 | |a CD-ROM |2 SNKPH |9 70236 | |
| 655 | 7 | |a zborníky konferencií |2 SNKPH |9 70153 | |
| 655 | 7 | |a Electronic resources |2 SNKPHeng |9 175546 | |
| 655 | 7 | |a Proceedings of conferences |2 SNKPHeng |9 265791 | |
| 700 | 1 | |a Kováč, Ernest, |d 1973- |4 edt |9 241708 | |
| 776 | 1 | |t Aktuálne výzvy a perspektívy v mediácii |w vtls010597614 | |
| 919 | |a 978-80-971616-1-3 | ||
| 958 | |a NB | ||
| 999 | |c 604302 |d 606232 | ||
| 952 | |a SNK |b SNK |y NEVYP |7 1 |p 17A1112518 |o snkSCDM 6652 |i snk2014/14352 |8 0 |0 0 |1 0 |4 0 |d 2014-06-24 |l 0 |r 2026-02-23 16:04:34 |w 2026-02-23 | ||


